Principes généraux de comptabilité

Salvato in:
Dettagli Bibliografici
Natura: Libro
Lingua:francese
Pubblicazione: Paris Berger-Levrault et Cie 1895
Tags: Aggiungi Tag
Nessun Tag, puoi essere il primo ad aggiungerne!!

MARC

LEADER 00000nam a2200000 4500
001 0307464
005 20250304124144.9
041 0 |a fre 
044 |a FR 
245 1 0 |a Principes généraux de comptabilité  |c Eugéne Léautey 
264 1 |a Paris  |b Berger-Levrault et Cie  |c 1895